Những vụ việc tranh chấp trong giao dịch hàng hải quốc tế

Gespeichert in:
Bibliographische Detailangaben
1. Verfasser: Đỗ, Hữu Vinh
Format: Buch
Sprache:Undetermined
Veröffentlicht: Thành phố Hồ Chí Minh Đại học Quốc gia Thành phố Hồ Chí Minh 2003
Schlagworte:
Tags: Tag hinzufügen
Keine Tags, Fügen Sie den ersten Tag hinzu!
Thư viện lưu trữ: Trung tâm Học liệu Trường Đại học Cần Thơ
LEADER 00661nam a2200193Ia 4500
001 CTU_61586
008 210402s9999 xx 000 0 und d
020 |c 36000 
082 |a 387.5 
082 |b V312 
100 |a Đỗ, Hữu Vinh 
245 0 |a Những vụ việc tranh chấp trong giao dịch hàng hải quốc tế 
245 0 |c Đỗ Hữu Vinh 
260 |a Thành phố Hồ Chí Minh 
260 |b Đại học Quốc gia Thành phố Hồ Chí Minh 
260 |c 2003 
650 |a Marine transportation,Vận tải biển 
904 |i Minh,Hải 
980 |a Trung tâm Học liệu Trường Đại học Cần Thơ